000 00968nam a2200265 i 4500
003 EG-ScBUE
005 20230814095546.0
008 111215s2007 ua f 000 0 ara d
020 _a97709037936
040 _aEG-ScBUE
_beng
_erda
_cEG-ScBUE
_dEG-ScBUE
082 0 4 _222
_a909.04924
_bم س ي
100 1 _928146
_aمسيري، عبد الوهاب،
_d1938-2008،
_eمؤلف.
245 1 2 _aالجماعات الوظيفية اليهودية :
_bنموذج تفسيري جديد /
_cعبد الوهاب المسيري.
250 _aالطبعة الثالثة.
264 1 _aالقاهرة :
_bدار الشروق،
_c2007.
300 _a551 صفحة ؛
_c24 سم
336 _2rdacontent
_aنص
_btxt
337 _2rdamedia
_aبدون وسيط
_bn
338 _2rdacarrier
_aمجلد
_bnc
650 7 _914891
_aاليهود
_xتاريخ.
_2BUEsh
650 7 _913307
_aالصهيونية.
_2BUEsh
653 _cDecember2011
655 _vReading book
942 _2ddc
_cBB
999 _c16328
_d16328